|
|
|
|
| LEADER |
00000nab a2200000 ar4500 |
| 001 |
vtls009155285 |
| 003 |
SK-MaSNL |
| 005 |
20260319071217.0 |
| 008 |
070911c2007 xo |||||||| 000 b|hun |
| 015 |
|
|
|a SNBRB2007/09
|2 snkbucl
|
| 038 |
|
|
|a SNKBUCL
|
| 040 |
|
|
|a DSZK
|b slo
|c DSZK
|e AACR2
|
| 041 |
0 |
|
|a hun
|
| 044 |
|
|
|a xo
|c SK
|
| 080 |
|
|
|a 908
|x (437.6)
|2 1997
|
| 080 |
|
|
|a 332.1
|x (437.6)
|2 1997
|
| 100 |
1 |
|
|a Száz, Ildikó,
|d 1970-
|4 aut
|9 103403
|
| 245 |
1 |
0 |
|a Büszkék az esti harangszóra!
|b a nagyközségben nemrég ünnepelték az udvardi zsinat 770. évfordulóját
|c Száz Ildikó
|
| 300 |
|
|
|b Fotogr.
|
| 650 |
0 |
7 |
|a regionálny rozvoj
|z Dvory nad Žitavou (Slovensko)
|2 snkbucl
|9 1062830
|
| 651 |
|
7 |
|a Dvory nad Žitavou (Slovensko)
|2 snkbucl
|9 19188
|
| 773 |
0 |
|
|t Vasárnap
|g Évf. 40, sz. 34 (2007), o. 14-15
|
| 852 |
|
|
|a SNK
|b KIS3GCP
|
| 852 |
|
|
|a DSZK
|b KIS3GCP
|
| 958 |
|
|
|a HU
|
| 958 |
|
|
|a SK
|
| 999 |
|
|
|c 1746668
|d 1748598
|